000 00697nam a2200229Ia 4500
005 20250923145254.0
008 008 250917s9999 xx 000 0 eng d
037 _aTextual
040 _aDSWL
_beng
_cDSWL
041 _aeng
_2eng
084 _aYX.Z1-zc;6-J.56, N72
_qDSWL
100 _aBowley A.H.
_9833551
245 0 _aHandicapped Child : Educational and Psychological Guidance for the Originally Handicap
_cby A.H. Bowley
250 _a3rd
260 _aEdinburgh
_b Churchill Livingstone
_c1972
300 _ax,203p.
365 _aINR
_b1.5
700 _aL.Gardner
_9833552
925 _g1.5
942 _cTEXL
_hYX.Z1-zc;6-J.56, N72
999 _c1449300
_d1449300